000 00662nam a22001577a 4500
003 OSt
005 20151208100928.0
008 151208b xxu||||| |||| 00| 0 eng d
040 _cRUA
082 _aATM REN 2000 B191 Or.1
100 _94512
_aREN NET; រ៉េន​ណែត.
245 _aStudy on rice grain drying methods and their effects on grain quality. ការសិក្សាពិវិធីហាលសំងួតគ្រាប់ស្រូវ និងឥទ្ធិពលរបស់​វាទៅលើគុណភាពគ្រាប់
260 _aPhnom Penh
_bRUA
_c2000
300 _aiv; 75p.
_bill.
_c29cm.
942 _2ddc
_cATM
999 _c4205
_d4205